[Event "Stuttgart-chA int"]
[Site "Ditzingen"]
[Date "2018.05.12"]
[Round "5"]
[White "Viehoff, Juergen"]
[Black "Zeiler, Klaus"]
[Result "1-0"]
[WhiteElo "1897"]
[BlackElo "2063"]
[PlyCount "100"]
[EventDate "2018.05.10"]
[EventType "swiss"]
[EventRounds "7"]
[EventCountry "GER"]
[SourceTitle "EXT 2020"]
[Source "ChessBase"]
[SourceDate "2019.10.17"]
[SourceVersion "1"]
[SourceVersionDate "2019.10.17"]
[SourceQuality "1"]

1. d4 e6 2. Nf3 b6 3. e4 Bb7 4. Bd3 c5 5. c3 Nf6 6. Qe2 Be7 7. 0-0 cxd4 8. cxd4 Nc6 9. a3 0-0 10. Nc3 Na5 11. Nd2 Qc8 12. f4 Nc6 13. Nf3 Na5 14. f5 Nb3 15. Rb1 exf5 16. e5 Bxf3 17. Qxf3 Nxd4 18. Qh3 Ng4 19. Bxf5 Nxf5 20. Qxg4 Bc5+ 21. Kh1 Ne3 22. Bxe3 Bxe3 23. Nd5 Bc5 24. b4 Qc6 25. Rbd1 Qe6 26. Nf6+ Kh8 27. Qxe6 fxe6 28. bxc5 gxf6 29. Rxd7 fxe5 30. Rxf8+ Rxf8 31. Kg1 bxc5 32. Rc7 h5 33. Rxc5 Rf5 34. Rc8+ Kg7 35. Rc7+ Kf6 36. Rxa7 e4 37. Rb7 Ra5 38. Rb4 Kf5 39. a4 e5 40. Kf2 Rc5 41. Rb2 h4 42. Ra2 Kf4 43. a5 e3+ 44. Ke2 Rc8 45. g3+ hxg3 46. hxg3+ Kf5 47. a6 Rh8 48. Kxe3 Ke6 49. a7 Ra8 50. Ke4 Kd6 1-0

[Event "Stuttgart-chA int"]
[Site "Ditzingen"]
[Date "2014.05.29"]
[Round "1"]
[White "Koch, Martin"]
[Black "Viehoff, Juergen"]
[Result "1-0"]
[WhiteElo "2066"]
[BlackElo "1848"]
[PlyCount "67"]
[EventDate "2014.05.29"]
[EventType "swiss"]
[EventRounds "7"]
[EventCountry "GER"]
[SourceTitle "EXT 2015"]
[Source "ChessBase"]
[SourceDate "2014.11.20"]
[SourceVersion "1"]
[SourceVersionDate "2014.11.20"]
[SourceQuality "1"]

1. e4 c6 2. d4 d5 3. exd5 cxd5 4. Nc3 Bf5 5. Nf3 Nc6 6. Bf4 Nf6 7. Bd3 Bxd3 8. Qxd3 e6 9. 0-0 Be7 10. Rfe1 0-0 11. Ne5 Rc8 12. Nxc6 Rxc6 13. Ne2 Bd6 14. c3 Bxf4 15. Nxf4 Qd6 16. g3 a6 17. Re2 b5 18. a3 Rb8 19. Qe3 a5 20. Nd3 Nd7 21. Rae1 h6 22. h4 Qc7 23. Kg2 Nb6 24. Qf3 Nc4 25. g4 Qd8 26. Qg3 Qd6 27. f4 Nxa3 28. Ne5 Rc7 29. bxa3 Qxa3 30. Re3 Rbc8 31. g5 Rxc3 32. gxh6 Rc2+ 33. Kh3 Qf8 34. Nd7 1-0

[Event "Stuttgart-chB int"]
[Site "Ditzingen"]
[Date "2012.05.17"]
[Round "2"]
[White "Viehoff, Juergen"]
[Black "Schreiber, Winfried"]
[Result "1-0"]
[WhiteElo "1848"]
[BlackElo "1628"]
[PlyCount "47"]
[EventDate "2012.05.17"]
[EventType "swiss"]
[EventRounds "7"]
[EventCountry "GER"]
[SourceTitle "EXT 2018"]
[Source "ChessBase"]
[SourceDate "2017.10.13"]
[SourceVersion "1"]
[SourceVersionDate "2017.10.13"]
[SourceQuality "1"]

1. d4 Nf6 2. Nf3 g6 3. Bg5 Bg7 4. Nbd2 d6 5. e4 Bg4 6. c3 Nbd7 7. Qc2 a6 8. a4 c5 9. h3 Bxf3 10. Nxf3 Rc8 11. e5 dxe5 12. dxe5 Nd5 13. Qe4 N5b6 14. a5 Na8 15. Bc4 f5 16. exf6 Nxf6 17. Qe6 Rf8 18. Rd1 Qc7 19. 0-0 Qc6 20. Qxe7+ Kxe7 21. Rfe1+ Qe6 22. Rxe6+ Kf7 23. Rxf6+ Ke8 24. Re6+ 1-0

[Event "Stuttgart-chB int"]
[Site "Gerlingen"]
[Date "2007.05.20"]
[Round "7"]
[White "Viehoff, Juergen"]
[Black "Philippin, Otto"]
[Result "1-0"]
[WhiteElo "1865"]
[BlackElo "1742"]
[PlyCount "57"]
[EventDate "2007.05.17"]
[EventType "swiss"]
[EventRounds "7"]
[EventCountry "GER"]
[SourceTitle "EXT 2018"]
[Source "ChessBase"]
[SourceDate "2017.10.13"]
[SourceVersion "1"]
[SourceVersionDate "2017.10.13"]
[SourceQuality "1"]

1. d4 d5 2. Nf3 Bg4 3. Ne5 Bh5 4. c4 dxc4 5. Nc3 Nd7 6. Nxc4 e6 7. Bf4 a6 8. f3 Bb4 9. Rc1 b5 10. Nd2 Ne7 11. e4 c5 12. Qb3 Nc6 13. dxc5 Nxc5 14. Qd1 e5 15. Be3 Nd3+ 16. Bxd3 Qxd3 17. Qe2 Qxe2+ 18. Kxe2 0-0 19. Nd5 Bxd2 20. Kxd2 Nd4 21. Bxd4 exd4 22. Rc6 Rfd8 23. Rhc1 a5 24. R1c5 f5 25. Ne7+ Kf8 26. Nxf5 Be8 27. Rc7 Rd7 28. Rxd7 Bxd7 29. Nxd4 1-0

[Event "Stuttgart-chB int"]
[Site "Gerlingen"]
[Date "2007.05.17"]
[Round "2"]
[White "Sigmund, Wolfgang"]
[Black "Viehoff, Juergen"]
[Result "0-1"]
[WhiteElo "1362"]
[BlackElo "1865"]
[PlyCount "30"]
[EventDate "2007.05.17"]
[EventType "swiss"]
[EventRounds "7"]
[EventCountry "GER"]
[SourceTitle "EXT 2018"]
[Source "ChessBase"]
[SourceDate "2017.10.13"]
[SourceVersion "1"]
[SourceVersionDate "2017.10.13"]
[SourceQuality "1"]

1. d4 Nf6 2. Bf4 e6 3. e3 c5 4. c3 Qb6 5. Qc2 d5 6. Nf3 Nc6 7. Nbd2 Bd7 8. Bd3 Rc8 9. 0-0 cxd4 10. exd4 Nb4 11. Qb1 Nxd3 12. Qxd3 Bb5 13. c4 dxc4 14. Qc3 Nd5 15. Qc2 Nxf4 0-1

[Event "Ditzingen op-B"]
[Site "Ditzingen"]
[Date "2006.05.27"]
[Round "5.1"]
[White "Viehoff, Juergen"]
[Black "Reinhardt, Klaus"]
[Result "1/2-1/2"]
[WhiteElo "1826"]
[BlackElo "1891"]
[PlyCount "108"]
[EventDate "2006.05.25"]
[EventType "swiss"]
[EventRounds "7"]
[EventCountry "GER"]
[SourceTitle "CBM 112 Extra"]
[Source "ChessBase"]
[SourceDate "2006.07.14"]
[SourceVersion "1"]
[SourceVersionDate "2006.07.14"]
[SourceQuality "1"]

1. d4 d5 2. Nf3 Nf6 3. e3 g6 4. c4 c6 5. Nc3 Bg7 6. a4 0-0 7. Bd3 Re8 8. 0-0 dxc4 9. Bxc4 Qc7 10. h3 a6 11. e4 e6 12. Bg5 Nbd7 13. e5 Nd5 14. Ne4 N7b6 15. b3 h6 16. Bh4 Nd7 17. Nd6 Rf8 18. Bxd5 exd5 19. Be7 Nxe5 20. Bxf8 Nxf3+ 21. Qxf3 Kxf8 22. Nxc8 Bxd4 23. Rad1 Bg7 24. Qe3 Rxc8 25. Qc5+ Qe7 26. Rxd5 Qxc5 27. Rxc5 Rd8 28. Rc4 Rd2 29. b4 Bd4 30. g4 Kg7 31. Kg2 Kf6 32. h4 h5 33. Kf3 hxg4+ 34. Kxg4 Kg7 35. f3 Be5 36. f4 Bd4 37. Rf3 Bg1 38. Kg3 Kh6 39. f5 Bh2+ 40. Kh3 Bd6 41. fxg6 Rh2+ 42. Kg4 Rg2+ 43. Kf5 Rxg6 44. Re3 Rg1 45. Rf3 Rb1 46. Kf6 Bxb4 47. Kxf7 a5 48. Rf6+ Kh7 49. Rg4 Bd2 50. Rg7+ Kh8 51. Rg8+ Kh7 52. Rgg6 Rh1 53. Rg7+ Kh8 54. Rg4 Kh7 1/2-1/2

[Event "Stuttgart-chB int"]
[Site "Ditzingen"]
[Date "2005.05.08"]
[Round "7"]
[White "Viehoff, Juergen"]
[Black "Philippin, Otto"]
[Result "1-0"]
[WhiteElo "1846"]
[BlackElo "1738"]
[PlyCount "57"]
[EventDate "2005.05.05"]
[EventType "swiss"]
[EventRounds "7"]
[EventCountry "GER"]
[SourceTitle "EXT 2018"]
[Source "ChessBase"]
[SourceDate "2017.10.13"]
[SourceVersion "1"]
[SourceVersionDate "2017.10.13"]
[SourceQuality "1"]

1. d4 d5 2. Nf3 Bg4 3. e3 Nc6 4. h3 Bh5 5. c4 e6 6. Nc3 Bb4 7. Bd2 Nge7 8. cxd5 exd5 9. Rc1 0-0 10. Bd3 Bg6 11. Qc2 Qd7 12. 0-0 Bxd3 13. Qxd3 b6 14. a3 Bxc3 15. Rxc3 f6 16. Rfc1 Qd6 17. Qc2 Na5 18. Be1 Nc4 19. Nd2 Nxd2 20. Bxd2 c6 21. Rb3 Rfc8 22. Bb4 Qd7 23. Bxe7 Qxe7 24. Rc3 Rc7 25. Rxc6 Rd7 26. Qf5 Re8 27. Rc8 Rxc8 28. Rxc8+ Rd8 29. Qxd5+ 1-0

[Event "Stuttgart-chB int"]
[Site "Ditzingen"]
[Date "2005.05.05"]
[Round "1"]
[White "Braun, Georg"]
[Black "Viehoff, Juergen"]
[Result "0-1"]
[WhiteElo "1490"]
[BlackElo "1850"]
[PlyCount "102"]
[EventDate "2005.05.05"]
[EventType "swiss"]
[EventRounds "7"]
[EventCountry "GER"]
[SourceTitle "EXT 2018"]
[Source "ChessBase"]
[SourceDate "2017.10.13"]
[SourceVersion "1"]
[SourceVersionDate "2017.10.13"]
[SourceQuality "1"]

1. e4 c6 2. d4 d5 3. e5 Bf5 4. Nf3 e6 5. c4 Ne7 6. Nc3 Nd7 7. Qb3 Qc7 8. Bg5 h6 9. Be3 Rc8 10. Rc1 Qb8 11. Nh4 Bh7 12. f4 a6 13. Be2 c5 14. cxd5 exd5 15. Bg4 c4 16. Qa4 Rc6 17. f5 Nxe5 18. dxe5 Qxe5 19. Nd1 Qe4 20. h3 h5 21. Nf3 hxg4 22. hxg4 b5 23. Qc2 Qxg4 24. Ne5 Qg3+ 25. Ke2 Qxe5 26. Nf2 d4 27. Ng4 d3+ 28. Kd2 Qg3 29. Qd1 Nxf5 30. Re1 Bb4+ 31. Rc3 Bxc3+ 32. Kxc3 0-0 33. Bf2 b4+ 34. Kxb4 Qb8+ 35. Kc3 Qb5 36. Re5 Qb7 37. Qe1 Nd6 38. Bd4 Nb5+ 39. Rxb5 Qxb5 40. Kd2 Qa5+ 41. Bc3 Qg5+ 42. Ne3 Re8 43. Qf2 Rce6 44. Bd4 Re4 45. Ba7 Qa5+ 46. Kd1 Qxa2 47. Qd2 Qa4+ 48. Ke1 Rf4 49. Qc1 Qa5+ 50. Kd1 Rf1+ 51. Nxf1 Re1# 0-1

[Event "Tuebingen-ch 55th"]
[Site "Tuebingen"]
[Date "1996.??.??"]
[Round "?"]
[White "Viehoff, Juergen"]
[Black "Heinemann, Klaus Detlef"]
[Result "1-0"]
[WhiteElo "1700"]
[BlackElo "1605"]
[PlyCount "108"]
[EventDate "1996.??.??"]
[EventType "swiss"]
[EventRounds "9"]
[EventCountry "GER"]
[SourceTitle "EXT 1999"]
[Source "ChessBase"]
[SourceDate "1998.11.16"]
[SourceVersion "1"]
[SourceVersionDate "1998.11.16"]
[SourceQuality "1"]

1. d4 Nf6 2. Nf3 d5 3. Bg5 Ne4 4. Bh4 Nc6 5. e3 h6 6. Nbd2 g5 7. Bg3 Bg7 8. c3 Nxg3 9. hxg3 Bf5 10. Bb5 Qd6 11. Qa4 Bd7 12. Qc2 a6 13. Bd3 0-0-0 14. Nb3 e5 15. Nxe5 Nxe5 16. dxe5 Bxe5 17. 0-0-0 Ba4 18. Be4 c6 19. Bf3 Kb8 20. c4 Qf6 21. cxd5 cxd5 22. Qd2 d4 23. Qb4 Rc8+ 24. Kb1 Qg6+ 25. Ka1 Bc6 26. Nxd4 Bxf3 27. Nxf3 Bg7 28. Rd6 Qc2 29. a3 a5 30. Qb6 Qa4 31. Nd4 Bxd4 32. Qxd4 Qb3 33. Qd5 Qc2 34. Rd7 Rc7 35. Rxc7 Qxc7 36. Rd1 Rc8 37. Qd6 Qxd6 38. Rxd6 Rc6 39. Rxc6 bxc6 40. g4 Kc7 41. Kb1 Kd6 42. b3 Ke5 43. Kc2 f5 44. gxf5 Kxf5 45. Kd3 Ke5 46. f3 h5 47. b4 a4 48. Kc4 g4 49. fxg4 hxg4 50. Kc5 Ke4 51. Kxc6 Kxe3 52. b5 Kf2 53. b6 Kxg2 54. b7 g3 1-0